La madre /

Guardado en:
Autor Principal: Gorki, Máximo.
Otros Autores: Erraiz, A.; trad., Ventol, J.; trad.
Formato: Libro
Idioma:Spanish
Publicado: Buenos Aires : Hyspamerica, 1983.
Edición:1a ed.
Series:Historia Universal de la Literatura ; 26
Materias:
Etiquetas: Agregar Etiqueta
Sin Etiquetas, Sea el primero en etiquetar este registro!
LEADER 00600nam a22002055a 4500
001 CEM.cems024509
008 250213s1983####ag############000#0#spa#d
005 20250213163643.0
245 1 0 |a La madre /  |c Máximo Gorki. 
250 |a 1a ed. 
260 |a Buenos Aires :  |b Hyspamerica,  |c 1983. 
300 |a 357 p. 
490 1 |a Historia Universal de la Literatura ;  |v 26 
020 |a 9506140332 
100 1 |a Gorki, Máximo. 
700 1 |a Erraiz, A.; trad. 
700 1 |a Ventol, J.; trad. 
653 |a Literatura rusa 
653 |a Novela rusa 
859 |a CEMS  |b BIB. CEMS - 11 de abril  |h 891.733  |i G677-1  |p 29775.25  |t Ej.1